Памятник Петру I на Колодозерском погосте Пудожского уезда Олонецкой губернии

RUSMARC
00005593ckm2a2200000#x 450
00145d7396c-a463-4fad-aa63-b144d0aca609
00520240718144311.0
100##$a20140422l18501917k l0rusy0189 ca
1010#$arus
102##$aRU
2001#$aПамятник Петру I на Колодозерском погосте Пудожского уезда Олонецкой губернии
$eбез даты
$j[1850-1917]
251##$cДело
300##$aФотография в конверте. Сепия. Наклеена на картон, в рамке с художественным оформлением. На лицевой стороне, сверху, написан от руки чернилами № 33. Под фотографией - наклейка с печатным текстом: "Памятник Петру Великому на упраздненном старом Мариинском канале, где находится старый шлюз во имя Св. Петра"
300##$aОригинальный заголовок дела: Олонецкая губерния. Пудожский уезд. Старый Мариинский канал, старый шлюз во имя Святого Петра, памятник Петру I
801#0$aRU
$bРГИА
$c20140422
801#1$aRU
$bГлавНИВЦ
$c20140422
$2rusmarc
801#2$aRU
$bПБ им. Б.Н. Ельцина
$c20160229
$gRCR
$2rusmarc
850##$aФедеральное казенное учреждение "Российский государственный исторический архив"
852##$aРГИА
$j1111
937##$hРГИА
$d11164697
$aASBIBLIO_SCAN
462#0$1001074eb75f-1902-4909-a924-b21579da7b9b
$12001
$aКоллекция фотографий Техническо-строительного комитета МВД древних и архитектурно-скульптурных памятников России
$vД. 1111
$1251
$cОпись
$1852
$j169
461#0$1001597a3917-b61a-443f-a337-cac2b95e7413
$12001
$aТехническо-строительный комитет МВД
$1251
$cФонд
$1852
$j1293
215##$a1 лист
$cфот.
$d24х18 см
371##$aДокумент не является опубликованным и широко распространяемым
105##$aa###
1222#$ad1850######
$ad1917######
5171#$aОлонецкая губерния. Пудожский уезд. Старый Мариинский канал, старый шлюз во имя Святого Петра, памятник Петру I
035##$a45d7396c-a463-4fad-aa63-b144d0aca609
324##$aГрафика
607##$2prlib_sh
$3DITM\AF\0000000593
$aСтарое Петровское, село (Вологодская область)
$jФотографии
$xИстория
605##$2acquisition_Prlib
$3DITM\AF\0000004675
$aТерритория
$lколлекция
605##$2acquisition_Prlib
$3LIBNET\UAF\0000062048
$aРеспублика Карелия: страницы истории
$lколлекция
617##$2prlib_sh
$bКарелия, Республика
617##$2prlib_sh
$cОлонецкая губерния
686##$2rubbk
$a63.3(28-8Оло)52я61
$vLBC/M
Формат отображения
из 5